000 00314nam a22001457a 4500
008 210428b ||||| |||| 00| 0 eng d
020 _a2900803618083
041 _aeng
080 _a61
082 _a61
100 _a3
101 _aSHM
245 _aEvidence into Practice
_cLaurita M.Hack
942 _2udc
_cBK
999 _c56910
_d56910